| 000 | 00477cam a22001815a 4500 | ||
|---|---|---|---|
| 001 | L155931 | ||
| 008 | 120423s1854 xxk f 000 0 eng d | ||
| 035 | _a(Sirsi) u155931 | ||
| 041 | 0 | _aeng | |
| 100 | 1 | _aDuncan, Andreas | |
| 245 | 0 | 4 | _aThe practical surveyor's guide |
| 260 |
_aPhiladelphia _b[s.n.] _c1854 |
||
| 300 | _c12o | ||
| 583 |
_aCondition reviewed _c20120620 _lcondition level 2 |
||
| 651 | 4 |
_aGreat Britain _y1707- |
|
| 690 |
_aMeasurement _96256 |
||
| 942 | _n0 | ||
| 999 |
_c113927 _d113927 |
||